SPOKEN ENGLISH: A SELF-LEARNING GUIDE TO CONVERSATION PRACTICE (Record no. 10773)
[ view plain ]
| 000 -LEADER | |
|---|---|
| fixed length control field | 00286nam a22001217a 4500 |
| 003 - CONTROL NUMBER IDENTIFIER | |
| control field | SGT |
| 082 ## - DEWEY DECIMAL CLASSIFICATION NUMBER | |
| Classification number | 421.52,SAS |
| 100 ## - MAIN ENTRY--PERSONAL NAME | |
| Personal name | SASIKUMAR,V |
| 245 ## - TITLE STATEMENT | |
| Title | SPOKEN ENGLISH: A SELF-LEARNING GUIDE TO CONVERSATION PRACTICE |
| 250 ## - EDITION STATEMENT | |
| Edition statement | 1ST |
| 260 ## - PUBLICATION, DISTRIBUTION, ETC. (IMPRINT) | |
| Place of publication, distribution, etc | NEW DELHI |
| Name of publisher, distributor, etc | TMH |
| Year of Publication | 2008 |
| 942 ## - ADDED ENTRY ELEMENTS (KOHA) | |
| Source of classification or shelving scheme | Dewey Decimal Classification |
| Koha item type | CDs & DVDs |
| Withdrawn status | Lost status | Source of classification or shelving scheme | Damaged status | Not for loan | Collection code | Home library | Current library | Shelving location | Date acquired | Vendor Name | Cost, normal purchase price | SGTU | Bill Number | Total Checkouts | Full call number | Accession No. (Barcode) | Date last seen | Bill Date | Koha item type |
|---|---|---|---|---|---|---|---|---|---|---|---|---|---|---|---|---|---|---|---|
| Dewey Decimal Classification | COMMERCE MANAGEMENT | SGT Science & Social Sciences Library | SGT Science & Social Sciences Library | On Display | 08/02/2017 | UBSPD | 265.00 | SGTU | 363127 | 421.52,SAS | CMCD38 | 08/02/2017 | 24/02/2014 | CDs & DVDs | |||||
| Dewey Decimal Classification | COMMERCE MANAGEMENT | SGT Science & Social Sciences Library | SGT Science & Social Sciences Library | On Display | 08/02/2017 | UBSPD | 265.00 | SGTU | 363127 | 421.52,SAS | CMCD39 | 08/02/2017 | 24/02/2014 | CDs & DVDs |